[Event "Bozidar Kazic mem corr"]
[Site "Yugoslavia"]
[Date "1998.??.??"]
[Round "?"]
[White "Geenen, Marc"]
[Black "Menetrier, Manuel"]
[Result "0-1"]
[WhiteElo "2575"]
[BlackElo "2505"]
[PlyCount "80"]
[EventDate "1998.02.??"]
[EventType "tourn (corr)"]
[EventRounds "14"]
[EventCountry "YUG"]
[EventCategory "11"]
[SourceTitle "Corr 2002"]
[Source "ChessBase"]
[SourceDate "2002.05.23"]
[SourceVersion "1"]
[SourceVersionDate "2002.05.23"]
[SourceQuality "1"]

1. e4 c5 2. Nf3 d6 3. d4 cxd4 4. Nxd4 Nf6 5. Nc3 a6 6. Bg5 e6 7. f4 Qb6 8. Qd2 Qxb2 9. Nb3 Qa3 10. Bxf6 gxf6 11. Be2 h5 12. 0-0 h4 13. f5 Be7 14. Bg4 Nc6 15. fxe6 fxe6 16. Ne2 Ne5 17. Bh3 Nf7 18. Nf4 Ng5 19. Bg4 Qa4 20. c4 h3 21. g3 Nxe4 22. Qe2 f5 23. Bh5+ Kd8 24. Nd4 Rh6 25. Bg6 Rxg6 26. Nxg6 Bf6 27. Rad1 Qb4 28. g4 Qc5 29. Qe3 Qxc4 30. Rd3 Qxa2 31. Qxh3 Qc4 32. Qe3 Bg5 33. Qh3 Nc5 34. Rdd1 Kc7 35. Nf8 fxg4 36. Rf7+ Kb8 37. Nc6+ bxc6 38. Rb1+ Nb7 39. Qh7 Be3+ 40. Kg2 Ra7 0-1

[Event "Bozidar Kazic mem corr"]
[Site "Yugoslavia"]
[Date "1998.??.??"]
[Round "?"]
[White "Veinger, Itzhak"]
[Black "Menetrier, Manuel"]
[Result "0-1"]
[WhiteElo "2605"]
[BlackElo "2505"]
[PlyCount "36"]
[EventDate "1998.02.??"]
[EventType "tourn (corr)"]
[EventRounds "14"]
[EventCountry "YUG"]
[EventCategory "11"]
[SourceTitle "Corr 2002"]
[Source "ChessBase"]
[SourceDate "2002.05.23"]
[SourceVersion "1"]
[SourceVersionDate "2002.05.23"]
[SourceQuality "1"]

1. c4 c5 2. Nf3 Nf6 3. g3 d5 4. cxd5 Nxd5 5. Bg2 Nc6 6. Nc3 Nc7 7. 0-0 e5 8. d3 Be7 9. Nd2 Bd7 10. Nc4 f6 11. a4 Ne6 12. f4 exf4 13. gxf4 0-0 14. e3 f5 15. Qb3 Rb8 16. Nd5 Bh4 17. Bd2 Kh8 18. Bc3 b6 0-1